MARC

LEADER 00000nam0a2200000 4500
001 92144
005 20231101213819.0
035 |a (RuTPU)RU\TPU\book\98744 
090 |a 92144 
100 |a 20060309d1974 m y0rusy50 ca 
101 0 |a rus 
102 |a RU 
105 |a a j 001zy 
200 1 |a Производство алюминия в электролизерах с обожженными анодами  |e пособие для рабочих  |f Г. Е. Вольфсон, В. П. Ланкин 
210 |a Москва  |c Металлургия  |d 1974 
215 |a 136 с.  |c ил. 
225 1 |a Библиотечка рабочего цветной металлургии 
320 |a Библиогр.: с. 135-136. 
606 1 |a Алюминий  |x Электролиз  |2 stltpush  |3 (RuTPU)RU\TPU\subj\21965  |9 46871 
610 1 |a металлургия 
610 1 |a алюминий 
610 1 |a производство 
610 1 |a электролитическое получение 
610 1 |a электролизеры 
610 1 |a контроль 
610 1 |a охрана труда 
610 1 |a учебные пособия 
675 |a 669.713.7(075)  |v 3 
700 1 |a Вольфсон  |b Г. Е.  |g Григорий Ефимович 
701 1 |a Ланкин  |b В. П.  |g Валерий Павлович 
801 1 |a RU  |b 63413507  |c 20060309  |g PSBO 
801 2 |a RU  |b 63413507  |c 20180213  |g PSBO 
942 |c BK